Institution de la religion chrestienne [sic] / (Record no. 38834)
[ view plain ]
| 000 -LEADER | |
|---|---|
| campo de control de longitud fija | 01234nam a2200253 i 4500 |
| 001 - NÚMERO DE CONTROL | |
| campo de control | 38834 |
| 003 - IDENTIFICADOR DE NÚMERO DE CONTROL | |
| campo de control | ES-MaACL |
| 005 - FECHA Y HORA DE LA ÚLTIMA TRANSACCIÓN | |
| campo de control | 20251108160719.0 |
| 007 - CAMPO FIJO DE DESCRIPCIÓN FÍSICA--INFORMACIÓN GENERAL | |
| campo de control de longitud fija | t| |
| 008 - DATOS DE LONGITUD FIJA--INFORMACIÓN GENERAL | |
| campo de control de longitud fija | 030226s1911 fr ||||1| fre d |
| 100 1# - ENTRADA PRINCIPAL--NOMBRE DE PERSONA | |
| Nombre de persona | Calvino, Jean. |
| 9 (RLIN) | 33828 |
| 245 10 - MENCIÓN DEL TÍTULO | |
| Título | Institution de la religion chrestienne [sic] / |
| Mención de responsabilidad, etc. | Jean Calvin ; texte de la première édition française (1541) réimprimé sous la direction de Abel Lefranc, par Henri Chatelain et Jacques Pannier. |
| 260 ## - PUBLICACIÓN, DISTRIBUCIÓN, ETC. | |
| Lugar de publicación, distribución, etc. | Paris : |
| Nombre del editor, distribuidor, etc. | H. Champion, |
| Fecha de publicación, distribución, etc. | 1911 ( |
| Fabricante | Macon-Protat Fréres) |
| 300 ## - DESCRIPCIÓN FÍSICA | |
| Extensión | 2 v. ; |
| Dimensiones | 25 cm. |
| 490 1# - MENCIÓN DE SERIE | |
| Mención de serie | Bibliothèque de l'Ecole des hautes études. Sciences historiques et philologiques |
| 505 8# - NOTA DE CONTENIDO CON FORMATO | |
| Nota de contenido con formato | Contiene: Premier fascicule, Préface et texte de l'Institution jusqu'à la page 432. Deuxième fascicule, Texte de l'Institution de la page 433 à la fin. Résumé analytique |
| 650 04 - PUNTO DE ACCESO ADICIONAL DE MATERIA--TÉRMINO DE MATERIA | |
| Término de materia o nombre geográfico como elemento de entrada | Iglesia reformada- |
| Subdivisión general | Doctrinas |
| 9 (RLIN) | 13552 |
| 700 1# - ENTRADA AGREGADA--NOMBRE PERSONAL | |
| Nombre de persona | Lefranc, Abel, |
| Fechas asociadas al nombre | 1863-1952 |
| 9 (RLIN) | 71251 |
| 700 1# - ENTRADA AGREGADA--NOMBRE PERSONAL | |
| Nombre de persona | Chatelain, Henri, |
| Fechas asociadas al nombre | 1877-1915 |
| 9 (RLIN) | 38180 |
| 700 1# - ENTRADA AGREGADA--NOMBRE PERSONAL | |
| Nombre de persona | Pannier, Jacques ( |
| Fechas asociadas al nombre | 1869-1945) |
| 9 (RLIN) | 88808 |
| 830 00 - PUNTO DE ACCESO ADICIONAL DE SERIE-TÍTULO UNIFORME | |
| Título uniforme | Bibliothèque de l'École des Hautes Études. Sciences historiques et philologiques |
| 9 (RLIN) | 229685 |
| 852 ## - LOCALIZACIÓN | |
| Ubicación | ES-MaACL |
| Número de control de estantería | F-8530-31 |
| Estatus retirado | Estado de pérdida | Estado de daño | No para préstamo | Biblioteca de origen | Biblioteca actual | Ubicación en estantería | Fecha de adquisición | Fuente de adquisición | Total de préstamos | Signatura topográfica completa | Código de barras | Visto por última vez | Precio de reemplazo | Tipo de ítem Koha |
|---|---|---|---|---|---|---|---|---|---|---|---|---|---|---|
| Biblioteca del Ateneo de Madrid | Biblioteca del Ateneo de Madrid | Sala Pecera Planta 2 | 17/01/2008 | F-8530-31 | 1040892 | 23/02/2023 | 23/02/2023 | Libro impreso |
